000 00303nam a2200121Ia 4500
008 190216s9999||||xx |||||||||||||| ||und||
100 _aKakkad N N
245 0 _aAdarnnu Veenadiyunna Nakshathrangal
260 _bPoorna Pubs Kozhikode
_c1978
300 _a162p
650 _aMalayalam Novel
942 _cBK
999 _c25460
_d25460